Online Catalogue and eLibrary

Power and equilibrium in the 1970s. (Record no. 602)

MARC details
000 -LEADER
fixed length control field 00462cam a2200181 4500
001 - CONTROL NUMBER
control field 4099786
005 - DATE AND TIME OF LATEST TRANSACTION
control field 20240322052625.0
008 - FIXED-LENGTH DATA ELEMENTS--GENERAL INFORMATION
fixed length control field 740308s1973 enk b 001 0 eng
020 ## - INTERNATIONAL STANDARD BOOK NUMBER
ISBN 0701119985
040 ## - CATALOGING SOURCE (பட்டியலாக்க மூலம்)
Original cataloging agency DLC
Transcribing agency DLC
Modifying agency DLC
082 00 - DDC Classification
Class No. 327.13
DDC Edition Number 22
Item Number - Author Mark POW.
100 1# - MAIN ENTRY--PERSONAL NAME
Personal name Buchan, Alastair,
245 10 - TITLE STATEMENT
Title Power and equilibrium in the 1970s.
260 ## - PUBLICATION, DISTRIBUTION, ETC.
Place of publication, distribution, etc. London,
Name of publisher, distributor, etc. Chatto and Windus,
Date of publication, distribution, etc. 1973.
300 ## - PHYSICAL DESCRIPTION
Extent (e.g. Volumes, Pages etc.) 120 p.
650 #0 - SUBJECT ADDED ENTRY--TOPICAL TERM
Topical term or geographic name entry element International relations.
942 ## - Koha item type (Biblio)
Koha item type Books in Stacks (Lending)
Holdings
Lost status Damaged status Collection code Home library Current library Date acquired Full call number Accession Number Item type
    Lending WERC Library WERC Library 03/22/2024 327.13 POW. 324 Books in Stacks (Lending)

© WERC Library